| 000 | 00542cas a22001815a 4500 | ||
|---|---|---|---|
| 001 | L139546 | ||
| 008 | 070730d19841987xxkfr p 0 a0eng u | ||
| 035 | _a(Sirsi) u139546 | ||
| 041 | 0 | _aeng | |
| 110 | 2 |
_aChamberlain and Willows _91913 |
|
| 245 | 0 | 0 |
_aIndustrial Property Market _bIncorporating Office Property Market |
| 260 |
_aLondon _bChamberlain and Willows _c[19-?]- |
||
| 362 | 0 | _aSpring/Summer 1984-Winter/Spring 1987 | |
| 554 | _aTwo per year | ||
| 651 | 4 |
_aEngland _y886- |
|
| 690 | _aPROPERTY-COMMERCIAL PROPERTY | ||
| 942 | _n0 | ||
| 999 |
_c119095 _d119095 |
||